ՀՀ Գիտությունների ազգային ակադեմիայի հիմնարար գիտական գրադարան  =   Fundamental Scientific Library of NAS RA

فرهنگستان ایران:‪‪ (Record no. 532814)

MARC details
000 -LEADER
fixed length control field 00891nam a2200229 a 4500
001 - CONTROL NUMBER
control field 2006843
003 - CONTROL NUMBER IDENTIFIER
control field AM-YEHGA
005 - DATE AND TIME OF LATEST TRANSACTION
control field 20250617165003.0
008 - FIXED-LENGTH DATA ELEMENTS--GENERAL INFORMATION
fixed length control field 250130s1941 ir |||||d||||||||0|per|d
040 ## - CATALOGING SOURCE
Original cataloging agency AM-YeHGA
041 0# - LANGUAGE CODE
Language code of text/sound track or separate title per
-- fre
-- eng
090 ## - LOCALLY ASSIGNED LC-TYPE CALL NUMBER (OCLC); LOCAL CALL NUMBER (RLIN)
-- 571764
245 00 - TITLE STATEMENT
Title فرهنگستان ایران:‪‪
Remainder of title واژه های نو که تا پایان سال ۱۳۱۹ در فرهنگستان ایران پذیرفته شده است /‪‪
Statement of responsibility, etc. از انتشارات دبیرخانه فرهنگستان.‪‪
246 15 - VARYING FORM OF TITLE
Title proper/short title واژه های نو تا پایان اسفند ۱۳۱۹ ‪‪
250 ## - EDITION STATEMENT
Edition statement چاپ ۷‪‪
260 ## - PUBLICATION, DISTRIBUTION, ETC.
Place of publication, distribution, etc. تهران :‪‪
Name of publisher, distributor, etc. چاپخانه تابان,‪‪
Date of publication, distribution, etc. 1320 [1941].
300 ## - PHYSICAL DESCRIPTION
Extent 130 p.
650 14 - SUBJECT ADDED ENTRY--TOPICAL TERM
Topical term or geographic name entry element Persian Language
General subdivision Dictionaries
650 14 - SUBJECT ADDED ENTRY--TOPICAL TERM
Topical term or geographic name entry element Persian Literature
710 2# - ADDED ENTRY--CORPORATE NAME
Corporate name or jurisdiction name as entry element دبیرخانه فرهنگستان‪‪
942 ## - ADDED ENTRY ELEMENTS (KOHA)
Source of classification or shelving scheme Universal Decimal Classification
Koha item type Գրքեր / Books
Holdings
Withdrawn status Lost status Source of classification or shelving scheme Damaged status Not for loan Collection Home library Current library Date acquired Total checkouts Full call number Barcode Date last seen Price effective from Koha item type Public note
    Universal Decimal Classification     Edgaryan Individual Collection Fundamental Scientific Library Fundamental Scientific Library 30/01/2025   Edg/747 FL0686422 30/01/2025 30/01/2025 Գրքեր / Books ILL Non-Circ.


ՀՀ ԳԱԱ հիմնարար գիտական գրադարան
ՀՀ,Երևան 0019
Մարշալ Բաղրամյան 24/6
հեռախոս:(374-10) 52-47-50
Հետադարձ կապ

All site content, except where otherwise noted, is licensed under a
Creative Commons License